书目信息 |
| 题名: |
最高人民法院司法政策与指导案例
|
|
| 作者: | 吴庆宝 主编 | |
| 分册: | 7 民事诉讼卷 | |
| 出版信息: | 北京 法律出版社 2011.09 |
|
| 页数: | 472页 | |
| 开本: | 23cm | |
| 丛书名: | ||
| 单 册: | ||
| 中图分类: | D920.5 , D925.105 | |
| 科图分类: | ||
| 主题词: | 案例--中国 , 民事诉讼法--案例--中国 , 案例 , 民事诉讼法 | |
| 电子资源: | ||
| ISBN: | 978-7-5118-2011-2 | |
| 000 | 00927nam0 2200277 450 | |
| 001 | 005441686 | |
| 005 | 20130627100335.34 | |
| 010 | @a978-7-5118-2011-2@dCNY68.00 | |
| 100 | @a20111020d2011 em y0chiy0110 ea | |
| 101 | 0 | @achi |
| 102 | @aCN@b110000 | |
| 105 | @ay z 000yy | |
| 106 | @ar | |
| 200 | 1 | @a最高人民法院司法政策与指导案例@9zui gao ren min fa yuan si fa zheng ce yu zhi dao an li@h7@i民事诉讼卷@f吴庆宝主编 |
| 210 | @a北京@c法律出版社@d2011.09 | |
| 215 | @a472页@d23cm | |
| 330 | @a本书共分为二十三个部分,内容包括:民事诉讼法原则、管辖、审判组织、回避、诉讼参加人、证明与证据、调解、诉讼费用、审理程序一般、起诉与受理等。 | |
| 606 | 0 | @a案例@y中国 |
| 606 | 0 | @a民事诉讼法@x案例@y中国 |
| 606 | 0 | @a案例 |
| 606 | 0 | @a民事诉讼法 |
| 690 | @aD920.5@v4 | |
| 690 | @aD925.105@v4 | |
| 701 | 0 | @a吴庆宝@9wu qing bao@f(1964.10~)@4主编 |
| 801 | 0 | @aCN@bNLC@c20120120 |
| 905 | @b546589-91@dD920.5@e1036@f3 | |
| 最高人民法院司法政策与指导案例.7.民事诉讼卷/吴庆宝主编.-北京:法律出版社,2011.09 |
| 472页;23cm |
| ISBN 978-7-5118-2011-2:CNY68.00 |
| 本书共分为二十三个部分,内容包括:民事诉讼法原则、管辖、审判组织、回避、诉讼参加人、证明与证据、调解、诉讼费用、审理程序一般、起诉与受理等。 |
| ● |
| 相关链接 |
|
|
|
|
正题名:最高人民法院司法政策与指导案例
索取号:D920.5/1036
 
预约/预借
| 序号 | 登录号 | 条形码 | 馆藏地/架位号 | 状态 | 备注 |
| 1 | 546589 | 205465897 | 第一样本阅览室/ [索取号:D920.5/1036] | 在馆 | |
| 2 | 546590 | 205465904 | 密集书库-史法系/ [索取号:D920.5/1036] | 在馆 | |
| 3 | 546591 | 205465913 | 第一借阅区/ [索取号:D920.5/1036] | 在馆 |